| Tag |
First Indicator |
Second Indicator |
Subfields |
| LEADER |
00000cgm a2200000Mi 4500 |
| 001 |
in00005554591 |
| 006 |
m o c |
| 007 |
cr |n||||||||a |
| 007 |
vz |za|z| |
| 008 |
210713s2021 enk009 e o vneng d |
| 005 |
20241201230825.2 |
| 035 |
|
|
|a (OCoLC)on1264102325
|
| 040 |
|
|
|a ALSTP
|b eng
|e rda
|c ALSTP
|d OCLCO
|d OCLCF
|d ORZ
|d OCLCO
|d OCL
|d OCLCO
|d NUI
|
| 019 |
|
|
|a 1373496841
|a 1430845432
|a 1439900003
|
| 035 |
|
|
|a (OCoLC)1264102325
|z (OCoLC)1373496841
|z (OCoLC)1430845432
|z (OCoLC)1439900003
|
| 049 |
|
|
|a TXAM
|
| 245 |
0 |
0 |
|a Of mice and monkeys :
|b animal research in psychology /
|c ShortCutstv.
|
| 264 |
|
1 |
|a [Leicester, England] :
|b ShortCuts TV,
|c 2021.
|
| 300 |
|
|
|a 1 online resource (9 minutes)
|
| 306 |
|
|
|a 000815
|
| 336 |
|
|
|a two-dimensional moving image
|b tdi
|2 rdacontent
|
| 337 |
|
|
|a computer
|b c
|2 rdamedia
|
| 337 |
|
|
|a video
|b v
|2 rdamedia
|
| 338 |
|
|
|a online resource
|b cr
|2 rdacarrier
|
| 347 |
|
|
|a video file
|2 rda
|
| 490 |
0 |
|
|a Academic Video Online
|
| 500 |
|
|
|a Title from title screen (viewed July 13, 2021).
|
| 511 |
0 |
|
|a Presenters: Claire Parsons, Alison Kennerdell.
|
| 520 |
|
|
|a Psychological research is governed by a strict code of ethics covering things like obtaining participants' consent, protecting them from possible harm and allowing them to withdraw from the research. But there are some "participants" who can't give consent, may be harmed and are unable to withdraw from the research. Using research examples, this film looks at the use of non-human animals in research. Why are they used? What are the benefits? What is being done to protect them? And, is any research with non-human animals a breach of their 'rights'?
|
| 546 |
|
|
|a In English.
|
| 650 |
|
0 |
|a Animal psychology
|x Research
|x Moral and ethical aspects.
|
| 650 |
|
0 |
|a Psychology, Comparative
|x Research
|x Moral and ethical aspects.
|
| 650 |
|
6 |
|a Animaux
|x Psychologie
|x Recherche
|x Aspect moral.
|
| 650 |
|
6 |
|a Psychologie comparée
|x Recherche
|x Aspect moral.
|
| 655 |
|
7 |
|a Feature films
|2 fast
|
| 655 |
|
7 |
|a Educational films
|2 fast
|
| 655 |
|
7 |
|a Short films
|2 fast
|
| 655 |
|
7 |
|a Educational films.
|2 lcgft
|
| 655 |
|
7 |
|a Short films.
|2 lcgft
|
| 655 |
|
7 |
|a Feature films.
|2 lcgft
|
| 655 |
|
7 |
|a Films éducatifs.
|2 rvmgf
|
| 655 |
|
7 |
|a Courts métrages.
|2 rvmgf
|
| 700 |
1 |
|
|a Parsons, Claire
|c (Presenter),
|e on-screen presenter.
|
| 710 |
2 |
|
|a ShortCuts TV (Firm),
|e production company.
|
| 856 |
4 |
0 |
|u http://proxy.library.tamu.edu/login?url=https://www.aspresolver.com/aspresolver.asp?MARC;5126771
|z Connect to this streaming video (Alexander Street Press)
|t 0
|
| 955 |
|
|
|a Alexander Street Press subscription streaming video
|
| 994 |
|
|
|a 92
|b TXA
|
| 999 |
f |
f |
|s 0946c6f9-cd64-4175-b1b1-776aa83e6f7c
|i 2207ea16-4138-4b02-aa2b-df19e9f24de5
|t 0
|
| 952 |
f |
f |
|a Texas A&M University
|b College Station
|c Electronic Resources
|d Available Online
|t 0
|h Library of Congress classification
|
| 998 |
f |
f |
|t 0
|l Available Online
|